[Event "RB-2012-0-00195"]
[Site "LSS email"]
[Date "2012.12.02"]
[Round "?"]
[White "Bartsch, Christian"]
[Black "Slamenik, Jan"]
[Result "1-0"]
[WhiteElo "1873"]
[BlackElo "1526"]
[PlyCount "41"]
[EventDate "2012.09.22"]
[EventType "tourn (corr)"]
[EventRounds "6"]
[EventCountry "GER"]
[SourceTitle "Telechess CBM 159"]
[Source "ChessBase"]
[SourceDate "2014.03.17"]
[SourceVersion "1"]
[SourceVersionDate "2014.03.17"]
[SourceQuality "1"]

1. e4 e5 2. Nf3 Nc6 3. Bc4 Bc5 4. c3 Nf6 5. d3 d6 6. Bb3 a6 7. h3 h6 8. Nbd2 Be6 9. Nf1 d5 10. Qe2 0-0 11. Ng3 Qd7 12. 0-0 dxe4 13. Nxe4 Nxe4 14. dxe4 Bxb3 15. axb3 Rad8 16. b4 Bb6 17. Be3 Bxe3 18. Qxe3 f6 19. Rad1 Qxd1 20. Rxd1 Rxd1+ 21. Kh2 1-0

[Event "RB-2012-0-00195"]
[Site "LSS email"]
[Date "2012.11.30"]
[Round "?"]
[White "Korchut, Adam"]
[Black "Slamenik, Jan"]
[Result "1-0"]
[WhiteElo "1837"]
[BlackElo "1526"]
[PlyCount "68"]
[EventDate "2012.09.22"]
[EventType "tourn (corr)"]
[EventRounds "6"]
[EventCountry "GER"]
[SourceTitle "Telechess CBM 159"]
[Source "ChessBase"]
[SourceDate "2014.03.17"]
[SourceVersion "1"]
[SourceVersionDate "2014.03.17"]
[SourceQuality "1"]

1. e4 e5 2. Nf3 Nc6 3. Bb5 a6 4. Ba4 Nf6 5. 0-0 Be7 6. Re1 b5 7. Bb3 0-0 8. d4 d6 9. c3 Bg4 10. Be3 exd4 11. cxd4 d5 12. e5 Ne4 13. Nc3 Bb4 14. Rc1 Bxc3 15. bxc3 Na5 16. h3 Bh5 17. g4 Bg6 18. Nd2 Nxb3 19. axb3 Qh4 20. Kg2 f5 21. Nxe4 dxe4 22. f4 exf3+ 23. Qxf3 a5 24. Bf4 fxg4 25. hxg4 a4 26. bxa4 Rxa4 27. Re3 Be8 28. Rf1 Ra2+ 29. Kg1 Rb2 30. Qd5+ Kh8 31. Qa8 h6 32. Bg3 Rxf1+ 33. Kxf1 Qh3+ 34. Ke1 Rb1+ 1-0

[Event "SB-2012-0-00267"]
[Site "LSS email"]
[Date "2012.11.19"]
[Round "?"]
[White "Vasquez, Gerardo"]
[Black "Slamenik, Jan"]
[Result "1-0"]
[WhiteElo "2039"]
[BlackElo "1978"]
[PlyCount "91"]
[EventDate "2012.11.01"]
[EventType "tourn (corr)"]
[EventRounds "6"]
[EventCountry "GER"]
[SourceTitle "Corr 2022"]
[Source "ChessBase"]
[SourceDate "2021.10.24"]
[SourceVersion "1"]
[SourceVersionDate "2021.10.24"]
[SourceQuality "1"]

1. e4 e5 2. Nf3 Nc6 3. Bb5 a6 4. Ba4 Nf6 5. 0-0 Be7 6. Nc3 b5 7. Bb3 d6 8. d3 Na5 9. Bd2 Nxb3 10. axb3 Bb7 11. Ne2 d5 12. exd5 Qxd5 13. Re1 Nd7 14. d4 0-0 15. c4 bxc4 16. Nc3 Qd6 17. dxe5 Qe6 18. bxc4 Qxc4 19. Ra4 Qe6 20. Nd4 Qg6 21. g4 Bc5 22. h4 Rad8 23. h5 Qb6 24. Bg5 Rde8 25. Bf4 f6 26. e6 Ne5 27. Bxe5 fxe5 28. Rxe5 Rf4 29. Nd5 Bxd5 30. Rxd5 Qxb2 31. f3 Bb6 32. Rc4 Qa2 33. Qa4 Qxa4 34. Rxa4 Rxe6 35. Rxa6 Kf7 36. Rxb6 Rxb6 37. Kf2 c5 38. Nf5 Rb3 39. Nh4 Rc4 40. Kg3 Rc1 41. Rd7+ Kf6 42. Rc7 Rd3 43. Kf4 Rd4+ 44. Kg3 Rc3 45. Ra7 c4 46. Ra5 1-0

[Event "SB-2012-0-00267"]
[Site "LSS email"]
[Date "2012.11.19"]
[Round "?"]
[White "Vodicka, Milan"]
[Black "Slamenik, Jan"]
[Result "1-0"]
[WhiteElo "2079"]
[BlackElo "1978"]
[PlyCount "69"]
[EventDate "2012.11.01"]
[EventType "tourn (corr)"]
[EventRounds "6"]
[EventCountry "GER"]
[SourceTitle "Corr 2022"]
[Source "ChessBase"]
[SourceDate "2021.10.24"]
[SourceVersion "1"]
[SourceVersionDate "2021.10.24"]
[SourceQuality "1"]

1. d4 Nf6 2. c4 e6 3. Nf3 b6 4. a3 Bb7 5. Nc3 d5 6. Qc2 dxc4 7. e4 c5 8. dxc5 Bxc5 9. Bxc4 Qc7 10. Nb5 Qc8 11. b4 Bxe4 12. Qa4 0-0 13. bxc5 Bxf3 14. gxf3 Nbd7 15. Bb2 Qxc5 16. Qb4 Rac8 17. Nd6 Rc6 18. Qxc5 Rxc5 19. Rg1 Nh5 20. Rc1 Rc6 21. Rd1 Ndf6 22. Bb3 Rd8 23. Ne4 Rxd1+ 24. Kxd1 Kf8 25. Nxf6 Nxf6 26. Kd2 Rd6+ 27. Ke2 Rc6 28. a4 h6 29. h4 Rc7 30. Ke3 Nh5 31. Rc1 Rxc1 32. Bxc1 Ke7 33. Kd4 Nf6 34. Ba3+ Kd8 35. Bf8 1-0

[Event "SB-2012-0-00266"]
[Site "LSS email"]
[Date "2012.11.14"]
[Round "?"]
[White "Slamenik, Jan"]
[Black "Husemann, Andreas"]
[Result "1/2-1/2"]
[WhiteElo "1516"]
[BlackElo "1880"]
[PlyCount "56"]
[EventDate "2012.10.28"]
[EventType "tourn (corr)"]
[EventRounds "6"]
[EventCountry "GER"]
[SourceTitle "Telechess CBM 163"]
[Source "ChessBase"]
[SourceDate "2014.11.11"]
[SourceVersion "2"]
[SourceVersionDate "2014.11.11"]
[SourceQuality "1"]

1. e4 e5 2. Nf3 Nf6 3. d4 Nxe4 4. Bd3 d5 5. Nxe5 Nd7 6. Nxd7 Bxd7 7. 0-0 Bd6 8. Qh5 Qf6 9. c4 Bf5 10. cxd5 0-0 11. Be3 Bg6 12. Qg4 Rae8 13. Bb5 h5 14. Qf3 Re7 15. Nc3 Qh4 16. g3 Qh3 17. Rfc1 h4 18. Bf1 Qd7 19. Bb5 Qc8 20. Bf1 hxg3 21. hxg3 a6 22. Bg2 f6 23. Qe2 Rfe8 24. Bxe4 Bxe4 25. Nxe4 Rxe4 26. Kg2 Rxd4 27. Qf3 Rde4 28. Bc5 Qd7 1/2-1/2

[Event "SB-2012-0-00264"]
[Site "LSS email"]
[Date "2012.11.05"]
[Round "?"]
[White "Blittkowsky, Ralf"]
[Black "Slamenik, Jan"]
[Result "1-0"]
[WhiteElo "1991"]
[BlackElo "1538"]
[PlyCount "45"]
[EventDate "2012.10.26"]
[EventType "tourn (corr)"]
[EventRounds "6"]
[EventCountry "GER"]
[SourceTitle "Telechess CBM 161"]
[Source "ChessBase"]
[SourceDate "2014.07.16"]
[SourceVersion "1"]
[SourceVersionDate "2014.07.16"]
[SourceQuality "1"]

1. d4 Nf6 2. c4 e6 3. Nc3 Bb4 4. f3 d5 5. a3 Bxc3+ 6. bxc3 c5 7. cxd5 exd5 8. e3 c4 9. Ne2 Nc6 10. g4 Na5 11. Rb1 h6 12. Kf2 a6 13. Bg2 Nb3 14. h4 Kf8 15. Nf4 Kg8 16. g5 Ne8 17. e4 dxe4 18. g6 fxg6 19. Nxg6 Qf6 20. Nxh8 Kxh8 21. Bg5 Qf5 22. Qe2 hxg5 23. hxg5+ 1-0

[Event "SB-2012-0-00264"]
[Site "LSS email"]
[Date "2012.11.05"]
[Round "?"]
[White "Pott, Brian"]
[Black "Slamenik, Jan"]
[Result "1-0"]
[WhiteElo "1787"]
[BlackElo "1538"]
[PlyCount "51"]
[EventDate "2012.10.26"]
[EventType "tourn (corr)"]
[EventRounds "6"]
[EventCountry "GER"]
[SourceTitle "Telechess CBM 161"]
[Source "ChessBase"]
[SourceDate "2014.07.16"]
[SourceVersion "1"]
[SourceVersionDate "2014.07.16"]
[SourceQuality "1"]

1. e4 e5 2. Nf3 Nc6 3. Bb5 a6 4. Ba4 Nf6 5. 0-0 Be7 6. Re1 0-0 7. Bxc6 dxc6 8. Nxe5 Re8 9. Nf3 c5 10. h3 Nd7 11. Nc3 Bd6 12. d3 Ne5 13. Bf4 Nc6 14. e5 Be7 15. Bd2 Qd7 16. a3 b6 17. Ne4 Qe6 18. Bc3 Qg6 19. Kh2 Bb7 20. Qd2 Nd8 21. Qf4 Ne6 22. Qg4 Qxg4 23. hxg4 a5 24. Kg3 a4 25. Nh4 b5 26. Nf5 1-0

[Event "SB-2012-0-00263"]
[Site "LSS email"]
[Date "2012.11.02"]
[Round "?"]
[White "Winbush, Jerome"]
[Black "Slamenik, Jan"]
[Result "1-0"]
[WhiteElo "1759"]
[BlackElo "1538"]
[PlyCount "49"]
[EventDate "2012.10.22"]
[EventType "tourn (corr)"]
[EventRounds "6"]
[EventCountry "GER"]
[SourceTitle "Telechess CBM 161"]
[Source "ChessBase"]
[SourceDate "2014.07.16"]
[SourceVersion "1"]
[SourceVersionDate "2014.07.16"]
[SourceQuality "1"]

1. Nf3 Nf6 2. c4 e6 3. g3 d5 4. Bg2 Be7 5. 0-0 0-0 6. b3 c5 7. Bb2 Nc6 8. e3 d4 9. exd4 cxd4 10. Re1 Ne8 11. Na3 f6 12. Nh4 g5 13. Nf3 e5 14. d3 Bb4 15. Nd2 Qa5 16. Nab1 Bc3 17. Bxc3 dxc3 18. Bxc6 bxc6 19. b4 Qxb4 20. Qb3 Qxb3 21. Nxb3 Bf5 22. Nxc3 Bxd3 23. Na5 Rc8 24. Rad1 Bf5 25. Ne4 1-0

[Event "SB-2012-0-00263"]
[Site "LSS email"]
[Date "2012.11.01"]
[Round "?"]
[White "Komissarov, Yaroslav"]
[Black "Slamenik, Jan"]
[Result "1-0"]
[WhiteElo "1567"]
[BlackElo "1538"]
[PlyCount "35"]
[EventDate "2012.10.22"]
[EventType "tourn (corr)"]
[EventRounds "6"]
[EventCountry "GER"]
[SourceTitle "Corr 2015"]
[Source "ChessBase"]
[SourceDate "2015.07.17"]
[SourceVersion "1"]
[SourceVersionDate "2015.07.17"]
[SourceQuality "1"]

1. e4 e5 2. Nf3 Nc6 3. Bc4 Bc5 4. c3 Nf6 5. d4 exd4 6. cxd4 Bb4+ 7. Bd2 Bxd2+ 8. Nbxd2 d5 9. exd5 Nxd5 10. Qb3 Nce7 11. 0-0 0-0 12. Rfe1 c6 13. Ne4 Qb6 14. Nc5 Qxb3 15. Bxb3 h6 16. Ne5 Rd8 17. Rac1 b6 18. Ne4 1-0

[Event "RA-2012-0-00245"]
[Site "LSS email"]
[Date "2012.11.01"]
[Round "?"]
[White "Slamenik, Jan"]
[Black "Morcin, Tom"]
[Result "1-0"]
[WhiteElo "1526"]
[BlackElo "2105"]
[PlyCount "77"]
[EventDate "2012.10.16"]
[EventType "tourn (corr)"]
[EventRounds "6"]
[EventCountry "GER"]
[SourceTitle "Telechess CBM 159"]
[Source "ChessBase"]
[SourceDate "2014.03.17"]
[SourceVersion "1"]
[SourceVersionDate "2014.03.17"]
[SourceQuality "1"]

1. e4 c5 2. Nf3 d6 3. d4 cxd4 4. Nxd4 Nf6 5. Nc3 g6 6. Be3 a6 7. f3 Bg7 8. Qd2 Nbd7 9. g4 b5 10. 0-0-0 h6 11. h4 Ne5 12. a3 Bd7 13. Be2 Rb8 14. Kb1 Nc4 15. Bxc4 bxc4 16. Nde2 Qc8 17. Bd4 0-0 18. Ka1 Qb7 19. Rb1 e5 20. Be3 h5 21. gxh5 Nxh5 22. Rhg1 Be8 23. Qxd6 Bb5 24. Qd2 Rfd8 25. Qe1 Bf6 26. Bg5 Rd6 27. Nd5 Bg7 28. Ng3 Nxg3 29. Qxg3 Rxd5 30. exd5 Ba4 31. Qh2 Qxd5 32. h5 Qd6 33. hxg6 fxg6 34. c3 Rb6 35. Rbc1 Qb8 36. Rh1 Kf7 37. Qe2 Bb5 38. Rh7 Qg8 39. Rch1 1-0

[Event "RA-2012-0-00245"]
[Site "LSS email"]
[Date "2012.10.31"]
[Round "?"]
[White "Sherwood, Russell"]
[Black "Slamenik, Jan"]
[Result "1-0"]
[WhiteElo "2169"]
[BlackElo "1526"]
[PlyCount "111"]
[EventDate "2012.10.16"]
[EventType "tourn (corr)"]
[EventRounds "6"]
[EventCountry "GER"]
[SourceTitle "Telechess CBM 159"]
[Source "ChessBase"]
[SourceDate "2014.03.17"]
[SourceVersion "1"]
[SourceVersionDate "2014.03.17"]
[SourceQuality "1"]

1. e4 e5 2. Nf3 Nc6 3. Bb5 a6 4. Ba4 Nf6 5. 0-0 Be7 6. Re1 b5 7. Bb3 0-0 8. c3 d6 9. h3 Na5 10. Bc2 c5 11. d4 Qc7 12. Nbd2 cxd4 13. cxd4 Bb7 14. d5 Rac8 15. Bd3 Nd7 16. Nf1 f5 17. Ng3 f4 18. Nf5 Bd8 19. b3 g6 20. Nh6+ Kg7 21. Ng4 h5 22. Ngh2 Nc5 23. Bf1 b4 24. Bd2 Qb6 25. Rb1 Nd7 26. Qe2 Rc2 27. Ra1 Nc5 28. Rec1 Rxc1 29. Rxc1 Be7 30. Qe1 Naxb3 31. axb3 Nxb3 32. Rc4 Nxd2 33. Nxd2 Ra8 34. Nhf3 a5 35. Qa1 Bf6 36. Qa4 Qd8 37. Rc1 g5 38. Nh2 Bc8 39. Be2 Be7 40. Bxh5 Bd7 41. Qb3 Rb8 42. Rc6 Ra8 43. Rc1 Qb6 44. Nc4 Qb5 45. Rb1 Rb8 46. Be2 a4 47. Qb2 Qb7 48. Bg4 Be8 49. Nf3 Qa6 50. Nfd2 Qb7 51. Na5 Qa6 52. Ndc4 b3 53. Qa3 Bb5 54. Rc1 Kf6 55. Qb2 Ra8 56. Be2 1-0

[Event "SB-2012-0-00263"]
[Site "LSS email"]
[Date "2012.10.30"]
[Round "?"]
[White "Slamenik, Jan"]
[Black "Motyka, Jerzy"]
[Result "0-1"]
[WhiteElo "1538"]
[BlackElo "1811"]
[PlyCount "63"]
[EventDate "2012.10.22"]
[EventType "tourn (corr)"]
[EventRounds "6"]
[EventCountry "GER"]
[SourceTitle "Telechess CBM 161"]
[Source "ChessBase"]
[SourceDate "2014.07.16"]
[SourceVersion "1"]
[SourceVersionDate "2014.07.16"]
[SourceQuality "1"]

1. e4 c6 2. d4 d5 3. e5 Bf5 4. Nc3 e6 5. g4 Bg6 6. Nge2 c5 7. h4 h5 8. Nf4 Bh7 9. Nxh5 cxd4 10. Nb5 Nc6 11. Nxd4 Nxe5 12. Bb5+ Nd7 13. Qe2 Ne7 14. Bf4 a6 15. 0-0-0 Qc8 16. Bxd7+ Qxd7 17. Be5 Rg8 18. Rh3 Nc6 19. Nxc6 Qxc6 20. Rc3 Qa4 21. Kb1 Qe4 22. Qxe4 Bxe4 23. f3 Bh7 24. Rc7 b5 25. Rd2 Rd8 26. Rc6 Ra8 27. Re2 a5 28. Nf4 b4 29. Rc7 Ra6 30. b3 Be7 31. g5 Bf5 32. Nh5 0-1

[Event "SB-2012-0-00263"]
[Site "LSS email"]
[Date "2012.10.30"]
[Round "?"]
[White "Slamenik, Jan"]
[Black "Vodicka, Milan"]
[Result "0-1"]
[WhiteElo "1538"]
[BlackElo "1935"]
[PlyCount "92"]
[EventDate "2012.10.22"]
[EventType "tourn (corr)"]
[EventRounds "6"]
[EventCountry "GER"]
[SourceTitle "Telechess CBM 161"]
[Source "ChessBase"]
[SourceDate "2014.07.16"]
[SourceVersion "1"]
[SourceVersionDate "2014.07.16"]
[SourceQuality "1"]

1. e4 e6 2. d4 d5 3. Nd2 c5 4. exd5 exd5 5. Ngf3 Nc6 6. Bb5 cxd4 7. Nxd4 Bd7 8. Qe2+ Qe7 9. N2f3 Qxe2+ 10. Nxe2 Bc5 11. Nc3 Nf6 12. 0-0 0-0-0 13. Bg5 Rhg8 14. Na4 Bd6 15. Rfe1 h6 16. Be3 Kb8 17. Nc3 a6 18. Ba4 Rge8 19. Bb3 Be6 20. Rad1 Bc7 21. a3 Ba5 22. h3 Bxc3 23. bxc3 Rc8 24. a4 Ka8 25. Nd4 Na5 26. Nxe6 fxe6 27. Bd4 Kb8 28. Rd3 Nc6 29. Bxf6 gxf6 30. Rf3 Na5 31. Rxf6 Nxb3 32. cxb3 Rxc3 33. Rxh6 e5 34. g4 d4 35. h4 d3 36. Kg2 Rf8 37. g5 Rf4 38. f3 d2 39. Rd1 Rcxf3 40. Rxd2 e4 41. Rh8+ Kc7 42. Rh7+ Kc6 43. b4 Rg4+ 44. Kh2 e3 45. Rh6+ Kc7 46. Rh7+ Kc6 0-1

[Event "SB-2012-0-00262"]
[Site "LSS email"]
[Date "2012.10.29"]
[Round "?"]
[White "Schulz, Hans Juergen"]
[Black "Slamenik, Jan"]
[Result "1-0"]
[WhiteElo "1709"]
[BlackElo "1538"]
[PlyCount "169"]
[EventDate "2012.10.19"]
[EventType "tourn (corr)"]
[EventRounds "6"]
[EventCountry "GER"]
[SourceTitle "Telechess CBM 161"]
[Source "ChessBase"]
[SourceDate "2014.07.16"]
[SourceVersion "1"]
[SourceVersionDate "2014.07.16"]
[SourceQuality "1"]

1. e4 e5 2. Nf3 Nc6 3. Bb5 a6 4. Ba4 Nf6 5. 0-0 Be7 6. Re1 b5 7. Bb3 d6 8. c3 0-0 9. h3 Na5 10. Bc2 c5 11. d4 Qc7 12. Nbd2 cxd4 13. cxd4 Bb7 14. d5 Rac8 15. Bd3 Nd7 16. Nf1 f5 17. exf5 Nc4 18. a4 Bxd5 19. axb5 axb5 20. Ne3 Bb7 21. Bxc4+ bxc4 22. Nd5 Bxd5 23. Qxd5+ Rf7 24. Rd1 Qc6 25. Qxc6 Rxc6 26. Ra8+ Bf8 27. g4 Nc5 28. Ng5 Rfc7 29. Nxh7 Kxh7 30. Rxf8 g6 31. f6 g5 32. Kg2 Kg6 33. Rg8+ Kxf6 34. Bxg5+ Kf7 35. Rb8 Nd3 36. h4 Ke6 37. Ra1 Rc8 38. Raa8 Rxb8 39. Rxb8 c3 40. Re8+ Kf7 41. Re7+ Kf8 42. bxc3 Ne1+ 43. Kf1 Nf3 44. Rd7 Nxg5 45. hxg5 Ke8 46. Rb7 Rxc3 47. Ke2 Kf8 48. Rd7 Rc4 49. f3 Rd4 50. Kf2 Rd3 51. g6 Kg8 52. Ke2 Rd4 53. Ke3 Kf8 54. Kf2 Kg8 55. Ke2 Kf8 56. Rf7+ Kg8 57. Kf2 Rd3 58. Re7 Kf8 59. g7+ Kg8 60. Ke2 Rd4 61. Rd7 Kh7 62. Rc7 Kg8 63. Ke3 Rb4 64. Rd7 Rd4 65. Kf2 Kh7 66. Ke2 Kg8 67. Ke3 Kh7 68. Kf2 Kg8 69. Rb7 Rc4 70. Ra7 Rd4 71. Kg3 Rf4 72. Re7 Rf6 73. Rd7 Kh7 74. Kg2 Kg8 75. Rb7 Rf7 76. Rxf7 Kxf7 77. f4 exf4 78. Kf3 Kxg7 79. Kxf4 Kf6 80. Ke4 Kg5 81. Kd4 Kxg4 82. Kd5 Kf5 83. Kxd6 Ke4 84. Ke7 Ke3 85. Ke6 1-0

[Event "SB-2012-0-00262"]
[Site "LSS email"]
[Date "2012.10.29"]
[Round "?"]
[White "Slamenik, Jan"]
[Black "Tyutyunnik, Roman"]
[Result "0-1"]
[WhiteElo "1538"]
[BlackElo "1969"]
[PlyCount "56"]
[EventDate "2012.10.19"]
[EventType "tourn (corr)"]
[EventRounds "6"]
[EventCountry "GER"]
[SourceTitle "Telechess CBM 161"]
[Source "ChessBase"]
[SourceDate "2014.07.16"]
[SourceVersion "1"]
[SourceVersionDate "2014.07.16"]
[SourceQuality "1"]

1. e4 e5 2. Nf3 Nc6 3. Bb5 a6 4. Ba4 Nf6 5. 0-0 Be7 6. Re1 b5 7. Bb3 0-0 8. c3 d5 9. exd5 Nxd5 10. Nxe5 Nxe5 11. Rxe5 c6 12. d3 Bd6 13. Re1 Bf5 14. Qf3 Re8 15. Rxe8+ Qxe8 16. Nd2 Qe1+ 17. Nf1 Bg6 18. Bxd5 cxd5 19. Qxd5 Rd8 20. Bg5 Qxa1 21. Bxd8 Bxh2+ 22. Kxh2 Qxf1 23. Bh4 h6 24. d4 Qe2 25. Qe5 Qxb2 26. d5 Qxa2 27. Qe8+ Kh7 28. d6 f6 0-1

[Event "RA-2012-0-00244"]
[Site "LSS email"]
[Date "2012.10.28"]
[Round "?"]
[White "Salzmann, Stefan"]
[Black "Slamenik, Jan"]
[Result "1/2-1/2"]
[WhiteElo "2054"]
[BlackElo "1516"]
[PlyCount "37"]
[EventDate "2012.10.09"]
[EventType "tourn (corr)"]
[EventRounds "6"]
[EventCountry "GER"]
[SourceTitle "Corr 2015"]
[Source "ChessBase"]
[SourceDate "2015.07.17"]
[SourceVersion "1"]
[SourceVersionDate "2015.07.17"]
[SourceQuality "1"]

1. d4 Nf6 2. Nf3 e6 3. g3 d5 4. c4 dxc4 5. Bg2 Be7 6. 0-0 0-0 7. Qc2 a6 8. a4 Bd7 9. Qxc4 Bc6 10. Bg5 Bd5 11. Qc2 Be4 12. Qc1 h6 13. Bf4 Nc6 14. Rd1 Nd5 15. Nc3 Nxc3 16. bxc3 Na5 17. Nd2 Bxg2 18. Kxg2 Bd6 19. Bxd6 1/2-1/2

[Event "RA-2012-0-00244"]
[Site "LSS email"]
[Date "2012.10.28"]
[Round "?"]
[White "Silva Filho, Alcindo Luz Bastos"]
[Black "Slamenik, Jan"]
[Result "1/2-1/2"]
[WhiteElo "2111"]
[BlackElo "1516"]
[PlyCount "185"]
[EventDate "2012.10.09"]
[EventType "tourn (corr)"]
[EventRounds "6"]
[EventCountry "GER"]
[SourceTitle "Telechess CBM 163"]
[Source "ChessBase"]
[SourceDate "2014.11.11"]
[SourceVersion "2"]
[SourceVersionDate "2014.11.11"]
[SourceQuality "1"]

1. e4 e5 2. Nf3 Nc6 3. Bb5 a6 4. Ba4 Nf6 5. 0-0 Be7 6. Re1 b5 7. Bb3 d6 8. c3 0-0 9. h3 Na5 10. Bc2 c5 11. d4 Qc7 12. Nbd2 cxd4 13. cxd4 Nc6 14. Nb3 a5 15. Be3 a4 16. Nbd2 Bd7 17. Rc1 Qb7 18. Qe2 Rfe8 19. Bd3 Rab8 20. a3 exd4 21. Nxd4 Ne5 22. Bb1 Bd8 23. N4f3 h6 24. Nxe5 dxe5 25. b4 axb3 26. Nxb3 Qa8 27. Nc5 Bc6 28. f3 Qxa3 29. Rc2 Ra8 30. Nd3 Bb7 31. Ba2 Rc8 32. Nc5 Bc6 33. Ra1 Qa7 34. Qe1 Qe7 35. Nd3 Qd6 36. Rd2 Qe7 37. Bb3 Bc7 38. Ra7 Nd7 39. Rc2 Bb8 40. Ra5 Nf6 41. Qc1 Bd7 42. Nc5 Red8 43. Nxd7 Qxd7 44. Kh2 Ne8 45. Bf2 Kh7 46. Rxc8 Rxc8 47. Qb2 Nd6 48. Bd5 Qc7 49. Ra8 Qd8 50. g3 Qe8 51. Kg2 h5 52. Ra6 g6 53. Ra8 Kg7 54. g4 Kh7 55. Bh4 Qf8 56. Bg5 f6 57. Bd2 Qd8 58. Be1 hxg4 59. hxg4 Qb6 60. Bf2 Qc7 61. Qd2 Kg7 62. g5 Qe7 63. gxf6+ Qxf6 64. Ba7 Rf8 65. Qe3 Bc7 66. Rxf8 Qxf8 67. Qc3 Qe7 68. Be3 Ne8 69. Qc1 Qd6 70. Qh1 g5 71. Qh5 Qg6 72. Qxg5 Bd6 73. Kf2 Qxg5 74. Bxg5 Nc7 75. Bb3 Kg6 76. Bh4 Na6 77. Ke2 Nb4 78. Be6 Nc2 79. Bg4 Na3 80. Kd3 Kf7 81. Bd7 b4 82. Ba4 Kg6 83. Bd8 Kf7 84. Bg5 Kg6 85. Bh4 Kg7 86. Bd1 Kf8 87. Bg5 Kg7 88. Bd8 Kf8 89. Bb6 Ke7 90. Be3 Kd7 91. Ba4+ Kc7 92. Bf2 Kb7 93. Bb3 1/2-1/2

[Event "SB-2012-0-00261"]
[Site "LSS email"]
[Date "2012.10.28"]
[Round "?"]
[White "Slamenik, Jan"]
[Black "Blittkowsky, Ralf"]
[Result "0-1"]
[WhiteElo "1538"]
[BlackElo "1995"]
[PlyCount "46"]
[EventDate "2012.10.17"]
[EventType "tourn (corr)"]
[EventRounds "6"]
[EventCountry "GER"]
[SourceTitle "Telechess CBM 163"]
[Source "ChessBase"]
[SourceDate "2014.11.11"]
[SourceVersion "2"]
[SourceVersionDate "2014.11.11"]
[SourceQuality "1"]

1. e4 Nf6 2. e5 Nd5 3. d4 d6 4. Nf3 Bg4 5. Be2 e6 6. 0-0 Be7 7. c4 Nb6 8. Nc3 0-0 9. h3 Bh5 10. Be3 a6 11. Qb3 dxe5 12. Nxe5 Bxe2 13. Nxe2 Qc8 14. Rac1 N6d7 15. Ng4 a5 16. Nf4 Re8 17. Rfe1 a4 18. Qc3 f5 19. Nh2 Nf6 20. c5 Nc6 21. Nf3 Ne4 22. Qc4 Bd8 23. d5 exd5 0-1

[Event "RA-2012-0-00244"]
[Site "LSS email"]
[Date "2012.10.28"]
[Round "?"]
[White "Slamenik, Jan"]
[Black "Cimicki, Dariusz"]
[Result "1/2-1/2"]
[WhiteElo "1516"]
[BlackElo "2085"]
[PlyCount "64"]
[EventDate "2012.10.09"]
[EventType "tourn (corr)"]
[EventRounds "6"]
[EventCountry "GER"]
[SourceTitle "Telechess CBM 163"]
[Source "ChessBase"]
[SourceDate "2014.11.11"]
[SourceVersion "2"]
[SourceVersionDate "2014.11.11"]
[SourceQuality "1"]

1. e4 e6 2. d4 d5 3. Nd2 Nf6 4. e5 Nfd7 5. Bd3 c5 6. c3 b6 7. Ne2 Ba6 8. Bxa6 Nxa6 9. 0-0 Be7 10. Nf3 0-0 11. Qd3 Nab8 12. Bd2 Nc6 13. h3 Qc8 14. Bg5 h6 15. Bxe7 Nxe7 16. Rfc1 Qc6 17. a4 a5 18. Qd2 Rfc8 19. Nf4 Qb7 20. Qe2 Rab8 21. Nd3 Nf8 22. h4 Nd7 23. Rc2 c4 24. Nf4 Qc6 25. Rcc1 b5 26. axb5 Rxb5 27. Ra2 Qb7 28. g3 Nb8 29. Ng2 Nbc6 30. Ne3 Rb8 31. Rb1 Nc8 32. h5 N8a7 1/2-1/2

[Event "SB-2012-0-00261"]
[Site "LSS email"]
[Date "2012.10.28"]
[Round "?"]
[White "Slamenik, Jan"]
[Black "Cornell, David"]
[Result "0-1"]
[WhiteElo "1538"]
[BlackElo "1821"]
[PlyCount "45"]
[EventDate "2012.10.17"]
[EventType "tourn (corr)"]
[EventRounds "6"]
[EventCountry "GER"]
[SourceTitle "Telechess CBM 163"]
[Source "ChessBase"]
[SourceDate "2014.11.11"]
[SourceVersion "2"]
[SourceVersionDate "2014.11.11"]
[SourceQuality "1"]

1. e4 b6 2. d4 Bb7 3. Bd3 Nf6 4. Nc3 e6 5. Nf3 d6 6. 0-0 Nbd7 7. Qe2 e5 8. Bc4 Qe7 9. Bg5 h6 10. Bxf6 Nxf6 11. dxe5 dxe5 12. Rad1 Nd7 13. Nd5 Qd8 14. Nxb6 axb6 15. Bxf7+ Kxf7 16. Rxd7+ Qxd7 17. Nxe5+ Ke7 18. Nxd7 Ba6 19. Qh5 Bxf1 20. Ne5 Bc4 21. Nxc4 Rd8 22. f4 Kd7 23. Qd5+ 0-1

[Event "RA-2012-0-00244"]
[Site "LSS email"]
[Date "2012.10.28"]
[Round "?"]
[White "Slamenik, Jan"]
[Black "Sherwood, Russell"]
[Result "1/2-1/2"]
[WhiteElo "1516"]
[BlackElo "2186"]
[PlyCount "57"]
[EventDate "2012.10.09"]
[EventType "tourn (corr)"]
[EventRounds "6"]
[EventCountry "GER"]
[SourceTitle "Telechess CBM 163"]
[Source "ChessBase"]
[SourceDate "2014.11.11"]
[SourceVersion "2"]
[SourceVersionDate "2014.11.11"]
[SourceQuality "1"]

1. e4 e5 2. Nf3 Nc6 3. Bb5 a6 4. Ba4 Nf6 5. 0-0 Be7 6. Re1 b5 7. Bb3 0-0 8. c3 d5 9. exd5 Nxd5 10. Nxe5 Nxe5 11. Rxe5 c6 12. d3 Bd6 13. Re1 Bf5 14. Qf3 Qh4 15. g3 Qh3 16. Bxd5 cxd5 17. Qxd5 Rad8 18. Qg2 Qh5 19. Be3 Bxd3 20. Nd2 b4 21. c4 Bf5 22. Bb6 Rd7 23. Nb3 Rc8 24. c5 Bf8 25. Rac1 g6 26. f4 Bg7 27. Qe2 Qxe2 28. Rxe2 Bg4 29. Rf2 1/2-1/2

[Event "SB-2012-0-00260"]
[Site "LSS email"]
[Date "2012.10.27"]
[Round "?"]
[White "Husemann, Andreas"]
[Black "Slamenik, Jan"]
[Result "1/2-1/2"]
[WhiteElo "2067"]
[BlackElo "1526"]
[PlyCount "79"]
[EventDate "2012.10.11"]
[EventType "tourn (corr)"]
[EventRounds "6"]
[EventCountry "GER"]
[SourceTitle "Telechess CBM 159"]
[Source "ChessBase"]
[SourceDate "2014.03.17"]
[SourceVersion "1"]
[SourceVersionDate "2014.03.17"]
[SourceQuality "1"]

1. d4 Nf6 2. c4 e6 3. Nf3 b6 4. g3 Ba6 5. Qc2 c5 6. d5 exd5 7. cxd5 Bb7 8. Bg2 Nxd5 9. 0-0 Be7 10. Rd1 Qc8 11. a3 Nf6 12. Nc3 d5 13. Bg5 d4 14. Bxf6 gxf6 15. Ne4 Na6 16. Nh4 0-0 17. Nd2 Bxg2 18. Nxg2 Nc7 19. Nf3 Ne6 20. e3 Ng5 21. Nfh4 Rd8 22. Nf4 Bd6 23. Nh5 Be5 24. f4 Qg4 25. fxe5 Qxh5 26. exd4 cxd4 27. exf6 Nh3+ 28. Kg2 Nf4+ 29. Kg1 d3 30. Qc4 Ne2+ 31. Kg2 Rac8 32. Rxd3 Nf4+ 33. Qxf4 Rxd3 34. Re1 Rd5 35. Re7 Rf8 36. Kh3 Qg5 37. Qxg5+ Rxg5 38. Rxa7 Rd8 39. Rb7 b5 40. Nf3 1/2-1/2